000 00290nam a22001337a 4500
008 171102b xxu||||| |||| 00| 0 eng d
020 _a2900137418441
041 _aeng
080 _a530.14
100 _a59
101 _aKAP
245 _aECONOMIC JUSTICE
_cNATHANSON.S
942 _2udc
_cBK
999 _c37185
_d37185